| 000 | 00936cam a2200289 i 4500 | ||
|---|---|---|---|
| 001 | 18929 | ||
| 003 | CO-MdFUSB | ||
| 005 | 20220813093601.0 | ||
| 008 | 220813b 200||||| |||| 00| 0 eng d | ||
| 020 | _a978-84-249-1420-8 | ||
| 040 |
_bspa. _aCO-MdFUSB _cCO-MdFUSB _dCO-MdFUSBC _erda |
||
| 041 | _aspa | ||
| 082 | 0 | 4 |
_aR C5685d _b v2 |
| 100 | 1 | _aCicerón, Marco Tulio | |
| 245 | 1 | 0 |
_aDiscursos II : verrinas / _c/ M. Tulio Cicerón ; introducción, traducción y notas por José María Requejo Prieto |
| 264 | 1 |
_aMadrid : _bGredos, _c[2008] |
|
| 264 | 4 | _c© 2008 | |
| 300 |
_a333 páginas _c; |
||
| 336 |
_2rdacontent _atexto _btxt |
||
| 337 |
_2rdamedia _asin mediación _bn |
||
| 338 |
_2rdacarrier _avolumen _bnc |
||
| 501 | _apasta dura | ||
| 505 | _aDiscurso tercero: el trigo -- Discurso cuarto: Las obras de arte -- Discurso quinto: Los suplicios | ||
| 650 | 1 | 4 | _aORATORIA LATINA |
| 942 | _cBK | ||
| 945 | _aestudiante | ||
| 999 |
_c45322 _d45322 |
||